Songs from the First Line(s) - 1991 - Statistics

General Stats
  • This quiz has been taken 97 times
  • The average score is 10 of 30
Answer Stats
Hint Answer % Correct
Songs When a man loves a woman / Can't keep his mind on nothin' else / He'd trade the world / For the good thing he's found Song When A Man Loves A Woman
67%
Songs Load up on guns, bring your friends / It's fun to lose and to pretend / She's over-bored and self-assured / Oh no, I know a dirty word / Hello, hello, hello, how low Song Smells Like Teen Spirit
61%
Songs Load up on guns, bring your friends / It's fun to lose and to pretend / She's over-bored and self-assured / Oh no, I know a dirty word / Hello, hello, hello, how low Artist(s) Nirvana
60%
Songs Look into my eyes – you will see / What you mean to me / Search your heart, search your soul / And when you find me there, you'll search no more Artist(s) Bryan Adams
57%
Songs Look into my eyes – you will see / What you mean to me / Search your heart, search your soul / And when you find me there, you'll search no more Song (Everything I Do) I Do It For You
55%
Songs Oh life, it's bigger / It's bigger than you / And you are not me / The lengths that I will go to / The distance in your eyes Song Losing My Religion
54%
Songs Oh life, it's bigger / It's bigger than you / And you are not me / The lengths that I will go to / The distance in your eyes Artist(s) R.E.M.
54%
Songs When a man loves a woman / Can't keep his mind on nothin' else / He'd trade the world / For the good thing he's found Artist(s) Michael Bolton
53%
Songs I took my baby on a Saturday bang / "Boy, is that girl with you?" / Yes, we're one and the same / Now I believe in miracles Artist(s) Michael Jackson
53%
Songs I took my baby on a Saturday bang / "Boy, is that girl with you?" / Yes, we're one and the same / Now I believe in miracles Song Black Or White
48%
Songs Tale as old as time / True as it can be / Barely even friends / Then somebody bends / Unexpectedly / Just a little change Song Beauty And The Beast
47%
Songs Yeah / Can you feel it baby / I can too / Come on swing it / Come on swing it / 1 - 2 - 3 - now we come to the pay off / It's such a good vibration Song Good Vibrations
41%
Songs Baby, baby / I'm taken with the notion / To love you with the sweetest of devotion / Baby, baby / My tender love will flow from Song Baby Baby
39%
Songs I can't light no more of your darkness / All my pictures seem to fade to black and white / I'm growin' tired, and time stands still before me Artist(s) George Michael / Elton John
36%
Songs Tale as old as time / True as it can be / Barely even friends / Then somebody bends / Unexpectedly / Just a little change Artist(s) Celine Dion / Peabo Bryson / Angela Lansbury
33%
Songs Yeah / Can you feel it baby / I can too / Come on swing it / Come on swing it / 1 - 2 - 3 - now we come to the pay off Artist(s) Marky Mark and the Funky Bunch / Loleatta Holloway
33%
Songs Baby, baby / I'm taken with the notion / To love you with the sweetest of devotion / Baby, baby / My tender love will flow from Artist(s) Amy Grant
31%
Songs I can't light no more of your darkness / All my pictures seem to fade to black and white / I'm growin' tired, and time stands still before me Song Don't Let the Sun Go Down on Me
22%
Songs Love's like a road that you travel on / When there's one day here and the next day gone / Sometimes you bend, sometimes you stand Song Life Is A Highway
20%
Songs Hot sun beating down / Burning my feet just walking around / Hot sun making me sweat / Gator's getting close, hasn't got me yet Artist(s) Genesis
16%
Songs Hot sun beating down / Burning my feet just walking around / Hot sun making me sweat / Gator's getting close, hasn't got me yet Song I Can't Dance
16%
Songs Ooh, na-na-na, na-na-na / Ooh, na-na-na / You're the whisper of a summer breeze / You're the kiss that puts my soul at ease Artist(s) Paula Abdul
16%
Songs Love's like a road that you travel on / When there's one day here and the next day gone / Sometimes you bend, sometimes you stand Artist(s) Tom Cochrane / Red Rider
14%
Songs How do I say goodbye to what we had? / The good times that made us laugh / Outweigh the bad / I thought we'd get to see forever Artist(s) Boyz II Men
13%
Songs How do I say goodbye to what we had? / The good times that made us laugh / Outweigh the bad / I thought we'd get to see forever Song It's So Hard To Say Goodbye To Yesterday
12%
Songs They do what they wanna do, say what they wanna say / Live how they wanna live, play how they wanna play Song Addams Groove
11%
Songs They do what they wanna do, say what they wanna say / Live how they wanna live, play how they wanna play Artist(s) MC Hammer
10%
Songs Ooh, na-na-na, na-na-na / Ooh, na-na-na / You're the whisper of a summer breeze / You're the kiss that puts my soul at ease Song Rush Rush
10%
Songs This will be the day / That you will hear me say / That I will never run away / I am here for you / Love is meant for two Artist(s) Prince / The New Power Generation
7%
Songs This will be the day / That you will hear me say / That I will never run away / I am here for you / Love is meant for two Song Diamonds And Pearls
5%
No matching quizzes found
Score Distribution
Percent of People with Each Score
Percentile by Number Answered
Your Score History
You have not taken this quiz